Los efectos del Programa de Ajuste Estructural /
Uloženo v:
| Hlavní autor: | |
|---|---|
| Médium: | Text |
| Témata: | |
| Tagy: |
Přidat tag
Žádné tagy, Buďte první, kdo vytvoří štítek k tomuto záznamu!
|
MARC
| LEADER | 00000 a a2200000 04500 | ||
|---|---|---|---|
| 001 | 17364 | ||
| 003 | |||
| 040 | |||
| 100 | |a Lizano Fait, Eduardo | ||
| 245 | |a Los efectos del Programa de Ajuste Estructural / |c Eduardo Lizano Fait | ||
| 650 | |a AJUSTE ESTRUCTURAL | ||
| 650 | |a EMPRESARIOS | ||
| 650 | |a TRABAJADORES | ||
| 650 | |a CONSUMIDORES | ||
| 650 | |a SECTOR PUBLICO | ||
| 650 | |a EFICIENCIA | ||
| 650 | |a ESTADO | ||
| 650 | |a ARANCELES | ||
| 650 | |2 Macrothesaurus de la OCDE | ||
| 650 | |a MERCADO | ||
| 650 | |a PRECIOS | ||
| 650 | |a INGRESO | ||
| 773 | |g número 98; páginas 57-79 | ||
| 999 | |c 36568 |d 36568 | ||
